000
00292nam a2200109Ia 4500
008
230907s9999||||xx |||||||||||||| ||und||
082
_a
363.73874
_b
RUS
100
_a
Ruser, Alexander.
_9
115758
245
0
_a
Climate politics and the impact of think tanks :
300
_a
pages cm
942
_c
BK
999
_c
599327
_d
599327